| 000 | 00920nam a22003011i 4500 | ||
|---|---|---|---|
| 999 |
_c2129 _d2129 |
||
| 001 | 018573418 | ||
| 003 | Uk | ||
| 005 | 20230310103912.0 | ||
| 008 | 200708s2017 enka j 000|j|eng|d | ||
| 015 |
_aGBC0A4742 _2bnb |
||
| 016 | 7 |
_a018573418 _2Uk |
|
| 020 | _a9781474876926 (hardback) : | ||
| 040 |
_aStDuBDS _beng _cStDuBDS _erda _dKH8 |
||
| 042 | _aukblsr | ||
| 082 | 0 | 4 |
_a813.6 NIC _223 |
| 245 | 0 | 0 | _aPAW Patrol 5 minute treasury. |
| 264 | 1 |
_aBath : _bParragon, _c2017. |
|
| 300 |
_a188 pages : _bchiefly illustrations (colour) ; _c28 cm |
||
| 336 |
_atext _2rdacontent |
||
| 336 |
_astill image _2rdacontent |
||
| 337 |
_aunmediated _2rdamedia |
||
| 338 |
_avolume _2rdacarrier |
||
| 500 | _aAt head of title: Nickelodeon. | ||
| 650 | 0 |
_aPaw Patrol (Imaginary organization) _vPictorial works _vJuvenile fiction. |
|
| 650 | 0 | _aChildren's stories, American. | |
| 710 | 2 | _aNickelodeon (Firm) | |
| 942 |
_2ddc _cNFIC |
||